[Event "CAN-ch"]
[Site "Kingston CAN"]
[Date "2022.04.15"]
[Round "5.10"]
[White "Clyde, Jordan"]
[Black "Jung, Hans"]
[Result "1-0"]
[WhiteElo "2088"]
[BlackElo "2031"]
[PlyCount "105"]
[EventDate "2022.04.13"]
[EventType "swiss"]
[EventRounds "9"]
[EventCountry "CAN"]

1. d3 d5 2. e4 dxe4 3. dxe4 Qxd1+ 4. Kxd1 Nf6 5. f3 e5 6. Be3 Be6 7. Nd2 Nc6 8.
c3 O-O-O 9. Kc2 h6 10. b3 Nd7 11. b4 Kb8 12. Bc4 Bxc4 13. Nxc4 Nb6 14. Nb2 Be7
15. Nh3 Rd7 16. a4 a5 17. b5 Nd8 18. Rhd1 Rxd1 19. Rxd1 f6 20. Nf2 Ne6 21. Nfd3
Rd8 22. Bxb6 cxb6 23. Nc4 Kc7 24. Ne3 Bc5 25. Nxc5 Nxc5 26. Nd5+ Kb8 27. Nxb6
Rxd1 28. Kxd1 Ka7 29. Nc8+ Kb8 30. Nd6 Nxa4 31. Kc2 Nc5 32. b6 a4 33. Nf5 Ne6
34. Kb2 Kc8 35. Ka3 Kd7 36. Kxa4 Kc6 37. Kb4 Kxb6 38. Kc4 Kc6 39. h4 b5+ 40.
Kb3 Kc5 41. h5 Kb6 42. Kb4 Kc6 43. Ne7+ Kd7 44. Nf5 Kc6 45. g3 Kb6 46. Nd6 Nc7
47. Nc8+ Kc6 48. Ne7+ Kb6 49. Nd5+ Nxd5+ 50. exd5 f5 51. c4 e4 52. fxe4 fxe4
53. c5+ 1-0

[Event "CAN-ch"]
[Site "Kingston CAN"]
[Date "2022.04.15"]
[Round "5.11"]
[White "Noritsyn, Nikolay"]
[Black "MacKinnon, Keith"]
[Result "1-0"]
[WhiteElo "2512"]
[BlackElo "2198"]
[PlyCount "113"]
[EventDate "2022.04.13"]
[EventType "swiss"]
[EventRounds "9"]
[EventCountry "CAN"]

1. d4 Nf6 2. Nf3 e6 3. c4 b6 4. Bf4 Bb7 5. e3 Be7 6. Nc3 Nh5 7. Bg3 O-O 8. Nd2
g6 9. Qg4 f5 10. Qh3 f4 11. Be2 fxg3 12. hxg3 Nf6 13. g4 Rf7 14. O-O-O Bb4 15.
Bd3 Bxc3 16. bxc3 Rg7 17. g5 Ne8 18. f4 Qe7 19. e4 Qa3+ 20. Kb1 Qxc3 21. Nb3 a5
22. f5 a4 23. Rc1 Qb4 24. f6 Nxf6 25. gxf6 axb3 26. fxg7 h5 27. Qf3 Rxa2 28.
Rcf1 Ra1+ 29. Kxa1 Qa3+ 30. Kb1 Qa2+ 31. Kc1 b2+ 32. Kd1 b1=Q+ 33. Bxb1 Qxb1+
34. Ke2 Qb2+ 35. Ke1 Qa1+ 36. Qd1 Qxd1+ 37. Kxd1 Nc6 38. g4 hxg4 39. Rhg1 Kxg7
40. Rxg4 Nxd4 41. Rfg1 Nf3 42. Rxg6+ Kf7 43. Rg7+ Kf6 44. R1g6+ Ke5 45. Rxd7
Bxe4 46. Rh6 c6 47. Rh5+ Bf5 48. Ke2 Kf4 49. Kf2 b5 50. cxb5 cxb5 51. Rb7 Bd3
52. Rh3 Ne5 53. Rh4+ Ng4+ 54. Ke1 Kg5 55. Rh3 Bc4 56. Rg7+ Kf5 57. Rh5+ 1-0

[Event "CAN-ch"]
[Site "Kingston CAN"]
[Date "2022.04.15"]
[Round "5.12"]
[White "Palsson, Halldor"]
[Black "Chiku-Ratte, Olivier-Kenta"]
[Result "0-1"]
[WhiteElo "1833"]
[BlackElo "2364"]
[PlyCount "76"]
[EventDate "2022.04.13"]
[EventType "swiss"]
[EventRounds "9"]
[EventCountry "CAN"]

1. d4 Nf6 2. c4 c5 3. d5 e6 4. Nc3 exd5 5. cxd5 d6 6. e4 g6 7. Nge2 Bg7 8. Ng3
O-O 9. Be2 a6 10. a4 Re8 11. O-O Nbd7 12. Bg5 h6 13. Be3 h5 14. Bg5 Qc7 15. h3
Nh7 16. Be3 h4 17. Nh1 Bxc3 18. bxc3 Rxe4 19. Qc2 Re8 20. c4 Ne5 21. Rae1 Bf5
22. Qc3 Qd8 23. f4 Nd7 24. Bg4 b5 25. axb5 axb5 26. cxb5 Nhf6 27. Bf3 Nb6 28.
Rd1 Na4 29. Qc1 Ne4 30. Bxe4 Rxe4 31. Nf2 Rb4 32. Ng4 Bxg4 33. hxg4 Qd7 34. f5
Rxg4 35. f6 h3 36. Bxc5 Rxg2+ 37. Kh1 Qg4 38. Bg1 Rh2+ 0-1

[Event "CAN-ch"]
[Site "Kingston CAN"]
[Date "2022.04.15"]
[Round "5.13"]
[White "Derraugh, Geordie"]
[Black "Abrahams, Daniel"]
[Result "1-0"]
[WhiteElo "2202"]
[BlackElo "2163"]
[PlyCount "31"]
[EventDate "2022.04.13"]
[EventType "swiss"]
[EventRounds "9"]
[EventCountry "CAN"]

1. e4 d6 2. d4 Nf6 3. Nc3 e5 4. Nf3 Nbd7 5. Rg1 exd4 6. Nxd4 Nb6 7. g4 c5 8.
Nf5 Bxf5 9. gxf5 Qe7 10. Bb5+ Nbd7 11. Qe2 h6 12. Bf4 O-O-O 13. Bxd7+ Qxd7 14.
O-O-O Qc6 15. Qc4 a6 16. Qxf7 1-0

[Event "CAN-ch"]
[Site "Kingston CAN"]
[Date "2022.04.15"]
[Round "5.14"]
[White "Han, Johnathan"]
[Black "Jiang, Brian"]
[Result "0-1"]
[WhiteElo "2009"]
[BlackElo "1886"]
[PlyCount "114"]
[EventDate "2022.04.13"]
[EventType "swiss"]
[EventRounds "9"]
[EventCountry "CAN"]

1. e4 c5 2. Nf3 Nc6 3. d4 cxd4 4. Nxd4 e6 5. Nxc6 bxc6 6. Bd3 Nf6 7. Nd2 d5 8.
Qe2 Qc7 9. b3 Bb4 10. O-O Bc3 11. Rb1 O-O 12. Nf3 h6 13. Bd2 Bxd2 14. Nxd2 e5
15. h3 a5 16. Rfe1 Re8 17. Qe3 a4 18. b4 a3 19. c3 Rd8 20. Nb3 Nd7 21. Rbd1 f6
22. Nc5 Nxc5 23. Qxc5 Be6 24. exd5 Rxd5 25. Qe3 Rad8 26. Qe2 Kf8 27. Be4 R5d6
28. Bf3 c5 29. b5 Qa5 30. Rxd6 Rxd6 31. Rc1 Qa4 32. Bc6 Qc4 33. Qxc4 Bxc4 34.
Rb1 Rd2 35. b6 Rb2 36. Rxb2 axb2 37. Be4 Bd5 38. Bb1 Ke7 39. a4 f5 40. f3 Kd6
41. Kf2 Kc6 42. a5 Kb7 43. Ke3 Ka6 44. Kd2 Kxa5 45. c4 Bc6 46. Bxf5 e4 47. Kc2
exf3 48. gxf3 Bxf3 49. Kxb2 g5 50. Bg4 Bg2 51. Kc3 Kxb6 52. Kd3 Bf1+ 53. Ke4
Bxc4 54. Kf5 Bd3+ 55. Kf6 c4 56. Kg7 c3 57. Bd1 h5 0-1

[Event "CAN-ch"]
[Site "Kingston CAN"]
[Date "2022.04.16"]
[Round "6.2"]
[White "Sambuev, Bator"]
[Black "Dorrance, Adam"]
[Result "1-0"]
[WhiteElo "2502"]
[BlackElo "2260"]
[PlyCount "191"]
[EventDate "2022.04.13"]
[EventType "swiss"]
[EventRounds "9"]
[EventCountry "CAN"]

1. Nf3 c5 2. c4 Nc6 3. Nc3 Nf6 4. e3 e6 5. d4 d5 6. a3 a6 7. cxd5 exd5 8. Be2
cxd4 9. Nxd4 Bd6 10. O-O O-O 11. g3 Be5 12. Nf3 Re8 13. Nxe5 Nxe5 14. Re1 Bg4
15. f3 d4 16. exd4 Nxf3+ 17. Bxf3 Rxe1+ 18. Qxe1 Bxf3 19. Qf2 Bc6 20. Bg5 Ng4
21. Bxd8 Nxf2 22. Bb6 Nh3+ 23. Kf1 Ng5 24. d5 Bd7 25. h4 Nf3 26. Ke2 Bg4 27.
Kd3 Rc8 28. d6 Rc6 29. Bc7 Ne5+ 30. Kd4 f6 31. Ne4 Rc4+ 32. Ke3 Bf5 33. Nc3 Kf7
34. Rf1 Ke6 35. Rd1 Rc6 36. Ne2 Bg4 37. Nd4+ Kd7 38. Nxc6 Bxd1 39. Na5 Bf3 40.
Nb3 Bd5 41. Nc5+ Kc6 42. Kd4 Bf7 43. a4 Nd7 44. Nd3 Ne5 45. Nb4+ Kd7 46. Kc5
Kc8 47. a5 Bb3 48. Nd5 Bxd5 49. Kxd5 Kd7 50. Bb6 h5 51. Bc7 Nf7 52. Kc5 Ne5 53.
b3 Kc8 54. Kd4 Kd7 55. Kd5 Nf7 56. Bb8 Kc8 57. Ba7 Kd7 58. Bc5 Ne5 59. Bb4 Nf7
60. Kc5 Kc8 61. Bd2 Ne5 62. Bf4 Nd7+ 63. Kd5 Nf8 64. Ke4 Kd7 65. Kf5 Ke8 66.
d7+ Kxd7 67. Bd2 Ne6 68. Kg6 Ke8 69. Bb4 Nd4 70. Kxg7 Nf5+ 71. Kxf6 Nxg3 72.
Kg5 Kf7 73. Be1 Ne4+ 74. Kxh5 Nc5 75. b4 Ne4 76. Kg4 Kf6 77. Kf4 Nd6 78. Bc3+
Kg6 79. Ke5 Nc4+ 80. Kd4 Nd6 81. Kd5 Nc8 82. Bd4 Kf7 83. h5 Ne7+ 84. Kd6 Nf5+
85. Kc5 Ke6 86. Bc3 Kd7 87. Kd5 Ne7+ 88. Ke5 Ng8 89. Bd2 Ne7 90. h6 Ke8 91. Kf6
Ng8+ 92. Kg7 Nxh6 93. Bxh6 Kd7 94. Kf7 Kc6 95. Be3 Kc7 96. Ke7 1-0

[Event "CAN-ch"]
[Site "Kingston CAN"]
[Date "2022.04.16"]
[Round "6.3"]
[White "Zhang, Yuanchen"]
[Black "Panjwani, Raja"]
[Result "1/2-1/2"]
[WhiteElo "2330"]
[BlackElo "2448"]
[PlyCount "109"]
[EventDate "2022.04.13"]
[EventType "swiss"]
[EventRounds "9"]
[EventCountry "CAN"]

1. d4 Nf6 2. c4 g6 3. Nc3 Bg7 4. e4 d6 5. f3 O-O 6. Be3 c5 7. Nge2 Nc6 8. d5
Ne5 9. Ng3 h5 10. Be2 h4 11. Nf1 e6 12. Bg5 Qb6 13. Qc2 exd5 14. cxd5 h3 15.
gxh3 Bxh3 16. Nd2 c4 17. O-O-O Nh7 18. Bf4 Rfc8 19. Bxe5 Bxe5 20. Nxc4 Bf4+ 21.
Kb1 Qd8 22. Qb3 b5 23. Qxb5 Rab8 24. Qa6 Rc5 25. Ka1 Qc7 26. Na4 Rcb5 27. Qc6
Qe7 28. e5 Rb4 29. e6 fxe6 30. a3 Rb3 31. dxe6 Bxe6 32. Qe4 Qf6 33. Rd4 Be5 34.
Nxe5 dxe5 35. Rd6 Ng5 36. Rxe6 Nxe6 37. Bc4 Kg7 38. Bxb3 Rxb3 39. Nc3 Ng5 40.
Qd5 Rb6 41. Re1 Nf7 42. Re2 Rd6 43. Qb7 Rd3 44. Rf2 Qg5 45. Qxa7 Qg1+ 46. Ka2
Rxf3 47. Ne4 Rf4 48. Qc5 Qg4 49. Rxf4 Qxf4 50. Qc2 Ng5 51. Nxg5 Qxg5 52. a4 Qf4
53. a5 e4 54. Qc3+ Kh7 55. Qh3+ 1/2-1/2

[Event "CAN-ch"]
[Site "Kingston CAN"]
[Date "2022.04.16"]
[Round "6.4"]
[White "Rusonik, Max"]
[Black "Talukdar, Rohan"]
[Result "1-0"]
[WhiteElo "2115"]
[BlackElo "2321"]
[PlyCount "43"]
[EventDate "2022.04.13"]
[EventType "swiss"]
[EventRounds "9"]
[EventCountry "CAN"]

1. e4 c5 2. Nf3 d6 3. d4 cxd4 4. Nxd4 Nf6 5. Nc3 a6 6. Bg5 e6 7. f4 Nbd7 8. Qf3
Qc7 9. O-O-O b5 10. Bd3 Bb7 11. Rhe1 h6 12. Bxf6 Nxf6 13. a3 Be7 14. Qg3 Nh5
15. Nxe6 Qxc3 16. Bxb5+ axb5 17. Qxc3 fxe6 18. Qc7 Ba6 19. g3 Kf7 20. Rxd6 Nf6
21. Rb6 b4 22. Qc6 1-0

[Event "CAN-ch"]
[Site "Kingston CAN"]
[Date "2022.04.16"]
[Round "6.5"]
[White "Thavandiran, Shiyam"]
[Black "Clyde, Jordan"]
[Result "1-0"]
[WhiteElo "2420"]
[BlackElo "2088"]
[PlyCount "69"]
[EventDate "2022.04.13"]
[EventType "swiss"]
[EventRounds "9"]
[EventCountry "CAN"]

1. e4 Nf6 2. e5 Nd5 3. d4 d6 4. Nf3 dxe5 5. Nxe5 c6 6. g3 Nd7 7. Nf3 g6 8. Bg2
Bg7 9. O-O O-O 10. c4 N5b6 11. Qe2 Re8 12. Bf4 e5 13. dxe5 Nxe5 14. Nxe5 g5 15.
Be3 Rxe5 16. Rd1 Qe7 17. Nc3 Be6 18. b3 h5 19. Rac1 Nd7 20. Qd2 Bg4 21. Re1 Re8
22. Ne4 Nf6 23. Nxg5 Rd8 24. Qc2 Bf5 25. Qe2 Ng4 26. Nf3 Bd3 27. Qd2 Bh7 28.
Qe2 Bd3 29. Qd2 Bh7 30. Bd4 Bh6 31. Rxe5 Qf6 32. Re3 Bxe3 33. fxe3 Qf5 34. e4
Qe6 35. Qg5+ 1-0

[Event "CAN-ch"]
[Site "Kingston CAN"]
[Date "2022.04.16"]
[Round "6.6"]
[White "Chen, Max"]
[Black "Tanaka, Tyler"]
[Result "1-0"]
[WhiteElo "1997"]
[BlackElo "2113"]
[PlyCount "95"]
[EventDate "2022.04.13"]
[EventType "swiss"]
[EventRounds "9"]
[EventCountry "CAN"]

1. e4 c5 2. c3 Nf6 3. e5 Nd5 4. d4 cxd4 5. Nf3 Nc6 6. cxd4 d6 7. Bc4 dxe5 8.
dxe5 Ndb4 9. O-O Qxd1 10. Rxd1 Nc2 11. Na3 Nxa3 12. bxa3 e6 13. Bb5 Bd7 14. Ng5
a6 15. Nxf7 axb5 16. Nxh8 Rd8 17. Rd3 Bc5 18. Rh3 Bd4 19. Rb1 Nxe5 20. Rxh7 Kf8
21. Be3 Be8 22. Rd1 Nc6 23. Bxd4 Nxd4 24. Kf1 b4 25. Ng6+ Kg8 26. Rh8+ Kf7 27.
Ne5+ Ke7 28. Nc4 e5 29. Rxe8+ Rxe8 30. Nxe5 Nc2 31. axb4 Nxb4 32. Rb1 Nxa2 33.
Rxb7+ Kf6 34. Ng4+ Kg6 35. Rb6+ Kh7 36. Rb3 Rc8 37. Rb2 Nc1 38. Ne5 Re8 39. Rc2
Nb3 40. Nf3 Ra8 41. g4 Rf8 42. Rc3 Rb8 43. Kg2 Rb4 44. Kg3 Na5 45. Rc5 Nb7 46.
Ng5+ Kg6 47. Rc6+ Kxg5 48. h4# 1-0

[Event "CAN-ch"]
[Site "Kingston CAN"]
[Date "2022.04.16"]
[Round "6.7"]
[White "Nicula, Marius"]
[Black "Dukic, Zachary"]
[Result "1/2-1/2"]
[WhiteElo "2186"]
[BlackElo "2226"]
[PlyCount "90"]
[EventDate "2022.04.13"]
[EventType "swiss"]
[EventRounds "9"]
[EventCountry "CAN"]

1. d4 Nf6 2. Nf3 g6 3. g3 Bg7 4. Bg2 O-O 5. c4 d6 6. Nc3 Nc6 7. O-O a6 8. b3
Rb8 9. d5 Na5 10. Bg5 b5 11. cxb5 axb5 12. b4 c5 13. bxa5 Qxa5 14. Qc2 b4 15.
Bxf6 Bxf6 16. Ne4 Bg7 17. Rad1 Ra8 18. Rd2 h6 19. g4 Bxg4 20. e3 Bd7 21. Rc1
Qa3 22. Rb1 Rfc8 23. Qb3 Qa7 24. Rc1 Qb6 25. Bf1 Ra3 26. Qd1 Rca8 27. Bc4 Bb5
28. Qe2 Bxc4 29. Qxc4 R8a4 30. Qe2 Qa7 31. Qb5 Qa8 32. Nxc5 Ra5 33. Qxb4 dxc5
34. Rxc5 R5a4 35. Qb5 Kh7 36. Qd7 Ra7 37. Rc7 Rxc7 38. Qxc7 Bf6 39. Qc6 Qa5 40.
Qc2 Qb4 41. Nd4 Rc3 42. Qd1 h5 43. Kg2 Qa5 44. Nb3 Qa4 45. Qf3 Kg7 1/2-1/2

[Event "CAN-ch"]
[Site "Kingston CAN"]
[Date "2022.04.16"]
[Round "6.8"]
[White "Zheng, Richard"]
[Black "Plotkin, Mark"]
[Result "0-1"]
[WhiteElo "2036"]
[BlackElo "2365"]
[PlyCount "126"]
[EventDate "2022.04.13"]
[EventType "swiss"]
[EventRounds "9"]
[EventCountry "CAN"]

1. d4 g6 2. c4 Bg7 3. Nf3 Nf6 4. g3 O-O 5. Bg2 d5 6. cxd5 Nxd5 7. O-O Nc6 8.
Nc3 Nb6 9. e3 a5 10. b3 e5 11. Nxe5 Nxe5 12. dxe5 Bxe5 13. Bb2 c6 14. Qc2 Qe7
15. Rab1 Rd8 16. Na4 Bf5 17. e4 Nxa4 18. bxa4 Bxb2 19. Qxb2 Be6 20. f4 Bc4 21.
Rf2 Rd7 22. f5 Rad8 23. h4 b5 24. axb5 cxb5 25. Kh2 Rd3 26. Qc1 Qc5 27. Qf4 Qe3
28. Qxe3 Rxe3 29. f6 h5 30. Rc2 a4 31. Bf1 Bxf1 32. Rxf1 Rxe4 33. Rb1 b4 34.
Rcb2 Rb8 35. Kg2 Rb6 36. Rf2 b3 37. axb3 axb3 38. Rd1 b2 39. Rb1 Reb4 40. Rd2
Rb7 41. Re2 Kh7 42. Re7 g5 43. hxg5 Kg6 44. Re2 Kxg5 45. Rf2 Rb3 46. Kh3 R7b4
47. Kg2 Kg4 48. Kh2 Rb6 49. Rf4+ Kg5 50. Rf2 R6b5 51. Kg2 R5b4 52. Kh1 Rxg3 53.
Rbxb2 Rxb2 54. Rf5+ Kg6 55. Rg5+ Kxf6 56. Rf5+ Ke6 57. Re5+ Kd6 58. Rd5+ Kc6
59. Rc5+ Kb6 60. Rc6+ Ka5 61. Ra6+ Kb4 62. Ra4+ Kc3 63. Rc4+ Kd2 0-1

[Event "CAN-ch"]
[Site "Kingston CAN"]
[Date "2022.04.16"]
[Round "6.9"]
[White "Barron, Michael"]
[Black "Noritsyn, Nikolay"]
[Result "1/2-1/2"]
[WhiteElo "2108"]
[BlackElo "2512"]
[PlyCount "249"]
[EventDate "2022.04.13"]
[EventType "swiss"]
[EventRounds "9"]
[EventCountry "CAN"]

1. e4 c5 2. Nf3 d6 3. d4 cxd4 4. Nxd4 Nf6 5. f3 Nc6 6. c4 Nxd4 7. Qxd4 g6 8.
Nc3 Bg7 9. Be3 O-O 10. Qd2 Be6 11. O-O-O a6 12. Kb1 b5 13. Nd5 Rb8 14. Bd4 Qd7
15. Nxf6+ exf6 16. cxb5 axb5 17. Bd3 Bxa2+ 18. Kxa2 Ra8+ 19. Kb1 Qe6 20. Bxb5
Qa2+ 21. Kc2 Ra3 22. Qe2 Rc8+ 23. Kd2 Rb3 24. Ke1 f5 25. Bxg7 Kxg7 26. Bc4 Rxc4
27. Qxc4 Re3+ 28. Qe2 Rxe2+ 29. Kxe2 Qxb2+ 30. Rd2 Qb5+ 31. Ke3 Qc5+ 32. Ke2
fxe4 33. fxe4 Qe5 34. Kd3 Kf6 35. h3 Qg3+ 36. Kd4 Ke6 37. Rhd1 Qb3 38. Re1 h5
39. Re3 Qb5 40. Rf3 Qb6+ 41. Kd3 Ke5 42. Re2 f6 43. Kd2 Qb4+ 44. Kd3 Qd4+ 45.
Kc2 Ke6 46. Rd3 Qc4+ 47. Kd2 Ke5 48. Rd5+ Kf4 49. Rd3 Qb4+ 50. Kd1 Qb1+ 51. Kd2
Ke5 52. Rd5+ Ke6 53. Rd3 Qb4+ 54. Kd1 h4 55. Kc2 Ke5 56. Rd5+ Kf4 57. Rd3 Kg5
58. Rd5+ f5 59. Red2 Qxe4+ 60. Kc3 Qe3+ 61. Kc4 Qe6 62. Kc3 Qc8+ 63. Kb4 Qb7+
64. Kc3 Qg7+ 65. Kb3 Qf7 66. Kc3 Qc7+ 67. Kb4 Qb6+ 68. Kc4 Qc6+ 69. Kb4 Qb7+
70. Kc4 Qa6+ 71. Kc3 Qa3+ 72. Kc4 Qc1+ 73. Kb4 Kh5 74. Rxd6 f4 75. Rf2 Qe1+ 76.
Rdd2 Qe3 77. Rc2 Qd3 78. Rcd2 Qe4+ 79. Kc3 g5 80. Rf3 Qc6+ 81. Kd3 Qb5+ 82. Kc2
Kg6 83. Rfd3 Qa4+ 84. Kc3 Qa5+ 85. Kd4 f3 86. gxf3 Qa4+ 87. Kc3 Qc6+ 88. Kb2
Qf6+ 89. Kc2 Qf5 90. Rh2 Qc5+ 91. Rc3 Qf5+ 92. Kb3 Qe6+ 93. Kb2 Kf7 94. Rg2
Qb6+ 95. Kc2 Qb5 96. Rg4 Qe2+ 97. Kb3 Qf2 98. Rd3 Qb6+ 99. Rb4 Qe6+ 100. Kc3
Qe1+ 101. Kc4 Kg6 102. Rb6+ Kf5 103. Rd5+ Kf4 104. Rf6+ Kg3 105. Rxg5+ Kxh3
106. f4 Qe2+ 107. Kd5 Qb5+ 108. Ke6 Qe8+ 109. Kf5 Qc8+ 110. Re6 Qf8+ 111. Ke4
Qb4+ 112. Kf3 Qb7+ 113. Kf2 Kh2 114. Re3 Qb2+ 115. Re2 Qb6+ 116. Kf3+ Kh3 117.
Rge5 Qc6+ 118. R5e4 Qg6 119. R4e3 Qc6+ 120. Re4 Qd5 121. Re1 Qd3+ 122. R4e3
Qd5+ 123. Re4 Qd3+ 124. R4e3 Qd5+ 125. Re4 1/2-1/2

[Event "CAN-ch"]
[Site "Kingston CAN"]
[Date "2022.04.16"]
[Round "6.10"]
[White "Chiku-Ratte, Olivier-Kenta"]
[Black "Derraugh, Geordie"]
[Result "1/2-1/2"]
[WhiteElo "2364"]
[BlackElo "2202"]
[PlyCount "121"]
[EventDate "2022.04.13"]
[EventType "swiss"]
[EventRounds "9"]
[EventCountry "CAN"]

1. d4 Nf6 2. c4 e6 3. Nc3 Bb4 4. e3 b6 5. Bd2 O-O 6. Nf3 d5 7. cxd5 exd5 8. Bd3
Bb7 9. Qc2 a6 10. Ng5 h6 11. Nh7 Nxh7 12. Bxh7+ Kh8 13. Bd3 Nd7 14. O-O Bd6 15.
Ne2 Nf6 16. Ng3 Bc8 17. Nf5 Bxf5 18. Bxf5 Qe7 19. f3 Nh5 20. g3 Qg5 21. Bg4
Bxg3 22. hxg3 Nxg3 23. Rf2 f5 24. e4 f4 25. e5 Nf5 26. Qxc7 h5 27. Rh2 Nh4 28.
Kf1 hxg4 29. fxg4 Kg8 30. Qd7 Rad8 31. Qe6+ Rf7 32. Kf2 Qg6 33. Qxg6 Nxg6 34.
Rah1 Rc7 35. Bc3 Rc4 36. Rh5 b5 37. a3 Re8 38. Rf5 a5 39. Bxa5 Rxd4 40. Bc3 Re4
41. Rd1 Nxe5 42. Bxe5 R8xe5 43. Rxe5 Rxe5 44. Rd4 g5 45. Rb4 d4 46. Rxd4 Kf7
47. Rd7+ Ke6 48. Rb7 Kd6 49. b3 Kc6 50. Rg7 Kc5 51. a4 bxa4 52. bxa4 Kb4 53.
Rf7 Kxa4 54. Rf5 Rb5 55. Kf3 Kb4 56. Rf8 Re5 57. Rg8 Kc5 58. Ra8 Kd6 59. Ra6+
Ke7 60. Ra7+ Kf6 61. Ra6+ 1/2-1/2

[Event "CAN-ch"]
[Site "Kingston CAN"]
[Date "2022.04.16"]
[Round "6.11"]
[White "Plotkin, Victor"]
[Black "Jiang, Brian"]
[Result "1/2-1/2"]
[WhiteElo "2278"]
[BlackElo "1886"]
[PlyCount "98"]
[EventDate "2022.04.13"]
[EventType "swiss"]
[EventRounds "9"]
[EventCountry "CAN"]

1. e4 c5 2. c3 Nf6 3. e5 Nd5 4. d4 cxd4 5. Nf3 Nc6 6. Bc4 Nb6 7. Bb3 d6 8. exd6
Qxd6 9. O-O Be6 10. cxd4 Bxb3 11. Qxb3 e6 12. Nc3 Be7 13. Rd1 Rd8 14. Be3 O-O
15. Rac1 Qb8 16. d5 Nxd5 17. Nxd5 Rxd5 18. Rxd5 exd5 19. Qxd5 Rd8 20. Qe4 Bf6
21. b4 a6 22. a4 Qd6 23. b5 axb5 24. axb5 Qb4 25. Qxb4 Nxb4 26. Bb6 Ra8 27. g3
Ra1 28. Rxa1 Bxa1 29. Kf1 Nd5 30. Bc5 Bf6 31. Nd2 b6 32. Be3 Nc3 33. Bxb6 Nxb5
34. Ne4 Bd4 35. Bxd4 Nxd4 36. f4 h5 37. Kf2 g6 38. Nd6 Kg7 39. Ke3 Nc6 40. Ke4
Kf6 41. Ne8+ Ke7 42. Nc7 Kf6 43. Nb5 Ke6 44. Nc3 Ne7 45. Na4 Nf5 46. Nc5+ Kd6
47. Nd3 Ke6 48. Ne5 Nd6+ 49. Ke3 Nf5+ 1/2-1/2

[Event "CAN-ch"]
[Site "Kingston CAN"]
[Date "2022.04.16"]
[Round "6.12"]
[White "Tremblay, Rejean"]
[Black "Han, Johnathan"]
[Result "0-1"]
[WhiteElo "2167"]
[BlackElo "2009"]
[PlyCount "107"]
[EventDate "2022.04.13"]
[EventType "swiss"]
[EventRounds "9"]
[EventCountry "CAN"]

1. e4 c5 2. Nf3 d6 3. d4 cxd4 4. Nxd4 Nf6 5. Nc3 a6 6. Bg5 e6 7. f4 Be7 8. Qf3
Qc7 9. O-O-O Nbd7 10. g4 h6 11. Bxf6 Bxf6 12. h4 Qb6 13. Nb3 Be7 14. Bd3 Nc5
15. Nxc5 Qxc5 16. g5 Bd7 17. g6 O-O 18. gxf7+ Rxf7 19. Qg3 e5 20. fxe5 dxe5 21.
Nd5 Bd6 22. Rhg1 Raf8 23. Rg2 Kh8 24. Be2 Be6 25. Bh5 Rd7 26. Bg4 Bxg4 27. Qxg4
Rdf7 28. Kb1 b5 29. c3 a5 30. Qg6 a4 31. a3 Be7 32. Qg3 Qc4 33. Qxe5 Bxh4 34.
Rg6 Kh7 35. Ne3 Qe2 36. Rdg1 Bg5 37. R6xg5 hxg5 38. Qxg5 Qd3+ 39. Ka1 Qxe4 40.
Qh5+ Kg8 41. Rh1 Rf3 42. Qh8+ Kf7 43. Qh5+ Ke6 44. Qxb5 Rxe3 45. Rd1 Kf7 46. c4
Re1 47. Qxa4 Rxd1+ 48. Qxd1 Qxc4 49. b3 Qe6 50. a4 Kg8 51. Kb2 Rf2+ 52. Ka3
Qe7+ 53. b4 Qe3+ 54. Qb3+ 0-1

[Event "CAN-ch"]
[Site "Kingston CAN"]
[Date "2022.04.16"]
[Round "6.13"]
[White "Abrahams, Daniel"]
[Black "MacKinnon, Keith"]
[Result "1-0"]
[WhiteElo "2163"]
[BlackElo "2198"]
[PlyCount "65"]
[EventDate "2022.04.13"]
[EventType "swiss"]
[EventRounds "9"]
[EventCountry "CAN"]

1. Nf3 Nf6 2. c4 c5 3. g3 d5 4. cxd5 Nxd5 5. Bg2 Nc6 6. d4 e6 7. O-O Be7 8. Nc3
O-O 9. Nxd5 Qxd5 10. Be3 Qh5 11. dxc5 Rd8 12. Qc2 e5 13. Rfd1 Be6 14. a3 a5 15.
Rxd8+ Rxd8 16. Rd1 Rxd1+ 17. Qxd1 f5 18. b4 f4 19. gxf4 axb4 20. axb4 exf4 21.
Bxf4 Nxb4 22. Bd6 Bf6 23. e4 Nc6 24. Qb1 Nd4 25. Qd3 Nxf3+ 26. Qxf3 Qg5 27. Qf4
Qh5 28. e5 Qd1+ 29. Bf1 g5 30. Qe4 Bd8 31. Qd3 Qg4+ 32. Bg2 Bc4 33. Qf3 1-0

[Event "CAN-ch"]
[Site "Kingston CAN"]
[Date "2022.04.17"]
[Round "7.1"]
[White "Rodrigue-Lemieux, Shawn"]
[Black "Rusonik, Max"]
[Result "1/2-1/2"]
[WhiteElo "2342"]
[BlackElo "2115"]
[PlyCount "120"]
[EventDate "2022.04.13"]
[EventType "swiss"]
[EventRounds "9"]
[EventCountry "CAN"]

1. c4 e6 2. g3 d5 3. Bg2 Nf6 4. Nf3 Be7 5. O-O O-O 6. b3 c5 7. Bb2 Nc6 8. e3 b6
9. Nc3 Bb7 10. cxd5 exd5 11. d4 Ne4 12. Rc1 Ba6 13. Re1 Nb4 14. Nxe4 Nd3 15.
Nxc5 bxc5 16. Bf1 Nxe1 17. Bxa6 Nxf3+ 18. Qxf3 Qa5 19. Bb7 Qd2 20. Ba3 Rad8 21.
Bxd5 Rxd5 22. Qxd5 cxd4 23. Bxe7 Qxc1+ 24. Kg2 Re8 25. exd4 h6 26. h4 Qc2 27.
a3 Qe2 28. Bc5 a6 29. Qf3 Qc2 30. b4 Qc4 31. d5 Re5 32. d6 Rd5 33. Kh2 Rd3 34.
Qc6 Qd5 35. Qxd5 Rxd5 36. Kg2 f6 37. Kf3 Kf7 38. Ke4 Ke6 39. f3 g6 40. g4 f5+
41. Kf4 Kf6 42. a4 a5 43. d7 axb4 44. Bxb4 Rxd7 45. Bc3+ Ke6 46. gxf5+ gxf5 47.
h5 Rc7 48. Bd2 Rc2 49. Be3 Rh2 50. a5 Rxh5 51. a6 Rg5 52. Bd4 Rg8 53. a7 Ra8
54. Kg3 Kf7 55. Kh4 Kg6 56. f4 Rc8 57. Be5 Ra8 58. Bb8 Kf7 59. Kh5 Kg7 60. Be5+
Kf7 1/2-1/2

[Event "CAN-ch"]
[Site "Kingston CAN"]
[Date "2022.04.17"]
[Round "7.2"]
[White "Zhang, Yuanchen"]
[Black "Sambuev, Bator"]
[Result "1-0"]
[WhiteElo "2330"]
[BlackElo "2502"]
[PlyCount "77"]
[EventDate "2022.04.13"]
[EventType "swiss"]
[EventRounds "9"]
[EventCountry "CAN"]

1. d4 e6 2. c4 Bb4+ 3. Bd2 Qe7 4. Nc3 f5 5. e3 b6 6. Nge2 Nf6 7. Qc2 O-O 8. a3
Bxc3 9. Nxc3 Bb7 10. O-O-O d5 11. f3 c5 12. cxd5 Nxd5 13. dxc5 Nd7 14. Nxd5
Bxd5 15. c6 Nc5 16. Bb4 Bxc6 17. Bxc5 bxc5 18. Bc4 Rab8 19. Rd2 Bd5 20. Rhd1
Rb6 21. Bxd5 exd5 22. Rxd5 Qxe3+ 23. Qd2 Qe7 24. Re1 Qf6 25. Rxc5 h6 26. Kb1
Rfb8 27. Rc2 Kh7 28. Re3 Rd8 29. Rd3 Rdb8 30. Qc3 Qg6 31. Qd4 R8b7 32. Qd5 Re7
33. Ka2 Rbe6 34. Rc8 Qf6 35. Rd2 Qg5 36. Rd8 Qf4 37. g3 Qg5 38. Rf8 Kg6 39. h4
1-0

[Event "CAN-ch"]
[Site "Kingston CAN"]
[Date "2022.04.17"]
[Round "7.3"]
[White "Panjwani, Raja"]
[Black "Chen, Max"]
[Result "1-0"]
[WhiteElo "2448"]
[BlackElo "1997"]
[PlyCount "167"]
[EventDate "2022.04.13"]
[EventType "swiss"]
[EventRounds "9"]
[EventCountry "CAN"]

1. d4 Nf6 2. c4 g6 3. Nf3 Bg7 4. g3 O-O 5. Bg2 d5 6. cxd5 Nxd5 7. O-O Nc6 8.
Nc3 Nb6 9. e3 Re8 10. h3 e5 11. d5 Nb4 12. e4 c6 13. Qb3 Qd6 14. Rd1 cxd5 15.
exd5 Bf5 16. Ne1 Bd7 17. Ne4 Qf8 18. a4 N6xd5 19. Rxd5 Be6 20. Ng5 Nxd5 21.
Bxd5 Bxd5 22. Qxd5 Rad8 23. Qb3 e4 24. h4 Rd4 25. Be3 Rb4 26. Qd5 Rd8 27. Qa5
Rxb2 28. Rc1 h6 29. Nxe4 f5 30. Bc5 b6 31. Bxf8 bxa5 32. Bxg7 Kxg7 33. Nc5 Rb6
34. Ned3 Rbd6 35. Rc3 Kf6 36. Kf1 g5 37. hxg5+ hxg5 38. Ke2 Rb8 39. Nb3 Re8+
40. Kd2 Re4 41. Nbc5 Rb4 42. Kc2 Rbd4 43. Kb2 f4 44. gxf4 gxf4 45. f3 Rd8 46.
Rb3 Re8 47. Kc3 Rd5 48. Kc4 Red8 49. Rb5 Rd4+ 50. Kc3 R8d5 51. Rb7 Kg6 52. Rxa7
Kh5 53. Rg7 Kh6 54. Rg4 Kh7 55. Rh4+ Kg8 56. Rh2 Rd6 57. Rh5 Rd8 58. Rf5 R8d5
59. Rxd5 Rxd5 60. Kc4 Rg5 61. Kd4 Rg1 62. Ke4 Rb1 63. Kxf4 Kf7 64. Ke5 Rb8 65.
f4 Re8+ 66. Kd6 Kf6 67. Kc6 Kf5 68. Nb7 Re3 69. Nd6+ Kg4 70. Nc4 Re8 71. Kb5
Ra8 72. Nxa5 Kf5 73. Nb3 Rb8+ 74. Kc4 Ra8 75. Nbc5 Kg4 76. Kb5 Kf3 77. a5 Rb8+
78. Kc6 Kg4 79. a6 Rb1 80. a7 Ra1 81. Kb6 Rb1+ 82. Ka5 Rg1 83. a8=Q Kf5 84.
Qf8+ 1-0